Ekonomické aspekty rodinného podnikania bakalárska práca

Gespeichert in:
Bibliographische Detailangaben
1. Verfasser: Bogdány, Cyntia
Körperschaft: Fakulta podnikového manažmentu EU. Katedra podnikovohospodárska
Weitere Verfasser: Trúchliková, Mária, 1991-
Format: Buch
Sprache:Slowakisch
Veröffentlicht: Bratislava 2021
Tags: Tag hinzufügen
Keine Tags, Fügen Sie das erste Tag hinzu!

MARC

LEADER 00000nbm a2200000 4500
001 0275649
005 20211118105010.3
041 0 |a slo 
044 |a SK 
245 1 0 |a Ekonomické aspekty rodinného podnikania  |b bakalárska práca  |c Cyntia Bogdány ; školiteľ: Mária Trúchliková 
264 1 |a Bratislava  |c 2021 
300 |a 52 s. 
100 1 |a Bogdány, Cyntia 
700 1 |a Trúchliková, Mária, 1991- 
710 2 |a Fakulta podnikového manažmentu EU. Katedra podnikovohospodárska